| 000 | 01039nam a2200301 a 4500 | ||
|---|---|---|---|
| 001 | 000017323 | ||
| 003 | 000017323 | ||
| 005 | 20170118100043.0 | ||
| 008 | 100322s1986 dr ac 000 0 spa d | ||
| 040 |
_aBPMSU _bspa _cBPMSU |
||
| 082 | 0 | 4 |
_aRD863.44 _bS572c |
| 100 | 1 | _aSierra, Jimmy | |
| 245 | 1 | 3 |
_aLa ciudad de los fantasmas de chocolate / _cJimmy Sierra. |
| 260 |
_aSanto Domingo : _bCorripio, _c1986. |
||
| 300 |
_a123 p. : _bils., retrs. ; _c24 cm. |
||
| 650 | 4 | _aCUENTOS INFANTILES DOMINICANOS | |
| 650 | 4 | _aLITERATURA INFANTIL DOMINICANA | |
| 910 | _aValidado. Control de calidad MFF | ||
| 930 | 1 |
_lBND01 _mLF1 _820100322 _f04 _pCT _g12170 _he. 1 |
|
| 930 | 1 |
_lBND01 _mLF1 _820100322 _f04 _pHD _g12170 |
|
| 930 | 1 |
_lBND01 _mLF1 _820140512 _f04 _pHD _g12170 |
|
| 930 | 1 |
_lBND01 _mLF1 _820100322 _f01 _pHD _g12169 |
|
| 930 | 1 |
_lBND01 _mLF1 _820100322 _f01 _pHD _g12169 |
|
| 942 |
_2ddc _cBK |
||
| 956 |
_aSARMENTERO _b10 _c20100322 _lBND01 _h1436 |
||
| 956 |
_aSARMENTERO _b10 _c20100322 _lBND01 _h1436 |
||
| 956 |
_aNMORDAN _b10 _c20130320 _lBND01 _h1102 |
||
| 999 |
_c7166 _d7166 |
||